| 000 | 00368nam a22001457a 4500 | ||
|---|---|---|---|
| 020 | _a0-13-527101-0 | ||
| 082 | _a153.15 MED'L | ||
| 100 |
_aPOLLIO, HOWARD R,LOFTUS, ELIZABETH F,MEDNICK, SARNOFF _977989 |
||
| 245 | _aLEARNING | ||
| 250 | _a2ND | ||
| 260 |
_aNEWJERSCY _bPRENTICE HALL _c1973 |
||
| 300 | _a147P | ||
| 650 |
_aLEARNING PSYCHOLOGY _977990 |
||
| 942 | _cBK | ||
| 999 |
_c583153 _d583153 |
||